New species of Gynoxys (<Asteraceae: Senecioneae>) from northern Peru (Registro nro. 14133)

Detalles MARC
000 -CABECERA
Campo de control 004150000a22001210004500
090 ## - CLASIFICACIÓN LOCAL
Colección AS
Consecutivo Seriadas
041 0# - IDIOMA
Código de idioma para texto/pista de sonido o título separado
100 1# - ASIENTO PRINCIPAL--NOMBRE PERSONAL
Nombre personal Funk, Vicki A.
245 10 - MENCION DE TITULO
Título New species of Gynoxys (<Asteraceae: Senecioneae>) from northern Peru
700 1# - ASIENTO SECUNDARIO - NOMBRE PERSONAL
Nombre personal Robinson, Harold
773 1# - Item fuente:
Título Revista de la Academia Colombiana de Ciencias Exactas, Fisicas y Naturales
Especificación de materiales 32
Descripción física 65
Paginas del Articulo 243-245
Lugar, editorial y fecha de publicación 1989
Información sobre la relación 17
942 ## - ELEMENTOS ADICIONALES (KOHA)
Tipo de ítem Artículo

No hay ítems disponibles.